000 00465nam a2200169Ia 4500
003 GCL
008 140319s9999 xx 000 0 ara d
040 _aGCL /
_cGCL
082 0 4 _a811.9
_bم خ
100 1 _aمصطفى بهجت بدوى
245 1 0 _aخماسيات عربية اوربية شعر /
_cمصطفى بهجت بدوى
300 _a105 ص
490 _a
650 0 4 _aالشعر العربى
650 0 4 _aالعصر الحديث
942 _2ddc
_cBK
999 _c40990
_d40990